000 00662nam a2200241Ia 4500
003 OSt
005 20220918231047.0
006 a|||||r|||| 00| 0
007 ta
008 220917b |||||||| |||| 00| 0 eng d
024 _a262,845
037 _cTextual
040 _aARTS
_cARTS
_beng
041 _2eng
_aeng
082 _aB33, J3;L9
100 _aMcShane Edward J
_9153726
245 0 _aOrder preserving maps and integration processes
260 _aNew Jersey
_bPrinceton University press
_c1953
300 _a136
_ccm.
650 _aMATHEMATICS
_92141
942 _hB33, J3;L9
_cTEXL
_2CC
999 _c289704
_d289704